1849 1115 1328 1733 1559 1808 1334 1534 1945 1706 1535 1129 1224 1502 1591 1924 1957 1289 1225 1594 1659 1223 1870 1516 1072 1713 1971 1739 1787 1749 1814 1817 1712 1055 1127 1722 1051 1780 1703 1735 1518 1382 1289 1684 1362 1453 1104 1947 1375 1754 1652 1288 1420 1625 1363 1897 1807 1370 1400 1171 1485 1939 1895 1407 1888 1771 1635 1244 1125 1176 1227 1370 1352 1130 1794 1515 1927 1869 1339 1089 1435 1768 1919 1124 1880 1533 1374 1141 1644 1480 1574 1716 1448 1321 1860 1013 1271 1365 1792 BCNSPRNW ULIB Ver.6.0+V

เปลี่ยนเป็นภาษาไทย

Change to English
 แสดงรายละเอียดบรรณานุกรม
  กลับหน้าหลัก

Brief Record : Get Marc (ISO 2709) : E-mail record : QR code < ปิดหน้าต่าง
LEADER : 00000nam 2200000uu 4500
001    13399111628
003     ULIB
008    110704s2549||||th 000 0 tha d
020    9746507257
060 04 WY100.5^bผ159ค 2549 ล.2
245 00 คู่มือการใช้แบบบันทึกทางการพยาบาล (เล่ม 2) /^cฝ่ายการพยาบาล โรงพยาบาลศิริราช ; บรรณาธิการ, ชรัสนิกูล ยิ้มบุญณะ
246 30 การใช้แบบบันทึกทางการพยาบาล (เล่ม 2)
250    พิมพ์ครั้งที่ 1
260    กรุงเทพฯ :^bฝ่ายการพยาบาล โรงพยาบาลศิริราช คณะแพทยศาสตร์ศิริราชพยาบาล,^c2549
300    158 หน้า :^bภาพประกอบ ;^c30 ซม.
650  7 การพยาบาล^xการบันทึก
650  7 บันทึกการพยาบาล^vคู่มือ
700 0  ชรัสนิกูล ยิ้มบุญณะ,^eบรรณาธิการ
710 2  มหาวิทยาลัยมหิดล. ^bคณะแพทยศาสตร์ศิริราชพยาบาล
710 2  โรงพยาบาลศิริราช. ^bฝ่ายการพยาบาล
945    ^p250^l0^i15096
945    ^p250^l0^i15095
995    เกษร
999    ^aใช้งานได้ทุกระบบ
รายการนี้ยังไม่มีแท็ก
คุณยังไม่ได้ล็อกอิน คุณสามารถมีกิจกรรมร่วมกับเว็บไซต์ได้ แต่ต้องล็อกอินก่อน ::
  ล็อกอิน

รายการสื่อสารสนเทศ

ลำดับที่ ประเภท เลขเรียก/บาร์โค้ด สถานที่ สถานะ
1. Book การพยาบาล
Book การพยาบาล
สถานะ=หนังสือเก่า
WY100.5 ผ159ค 2549 ล.2 ฉ.1 
  Barcode: 15095
ห้องสมุดวิทยาเขตนครสวรรค์
►หนังสือทั่วไป:l:General Books
บนชั้น
2. Book การพยาบาล
Book การพยาบาล
สถานะ=หนังสือเก่า
WY100.5 ผ159ค 2549 ล.2 ฉ.2 
  Barcode: 15096
ห้องสมุดวิทยาเขตนครสวรรค์
►หนังสือทั่วไป:l:General Books
บนชั้น

BibComment


ยังไม่เคยถูกคอมเมนท์

คอมเมนท์ทรัพยากรรายการนี้
  คอมเมนท์: คู่มือการใช้แบบบั..


 Copyright 2026. Bcnsprnw @Library